| 000 | 00610cam a2200253 i 4500 | ||
|---|---|---|---|
| 001 | 000555 | ||
| 003 | DO-SdBNP | ||
| 005 | 20180207085305.0 | ||
| 007 | 0000555 | ||
| 008 | 100514s 1991 ag 000 f spa | ||
| 015 | _a | ||
| 017 |
_a _b |
||
| 020 | _a8479691182 | ||
| 035 | _a | ||
| 040 |
_aBPMSU _bspa _cBPMSU _e |
||
| 080 | _a | ||
| 100 | 1 | _aCarandell, Luis | |
| 245 | 1 | 0 |
_aViajes sin destino / _h _cLuis Carandell |
| 260 |
_a[Argentina] : _bBiblioteca de El Sol, _c1991. |
||
| 300 |
_a94 p.: _c19 cm. |
||
| 942 |
_2ddc _cBK |
||
| 945 | _ainventariado, 2018 / dg | ||
| 956 |
_aYLOCKWARD _810 _cBPMSU |
||
| 999 |
_c10974 _d10974 |
||